Sudden Death: Primi Ministri britannici - Statistics

Statistiche generali
  • Questo quiz è stato fatto 48 volte
  • Il punteggio medio è 7 su 15
Answers on the Grid
Answers color-coded by a green-red scale on the quiz's grid according to % correct below.
Alexander Fleming
Benjamin Disraeli
Benny Hill
Boris Johnson
Charles Darwin
Charles Dickens
Clement Attlee
David Attenborough
David Beckham
David Cameron
Elizabeth II
Gordon Brown
Harold Macmillan
Harold Wilson
Horatio Nelson
Jeremy Corbyn
John Major
Joseph Chamberlain
Keir Starmer
Liz Truss
Geoffrey Chaucer
Margaret Thatcher
Neville Chamberlain
Nicola Sturgeon
Oliver Cromwell
Rishi Sunak
Rowan Atkinson
Tony Blair
William Beveridge
Winston Churchill
 
Statistiche sulle risposte
Risposta % Corretto
Boris Johnson
79%
Margaret Thatcher
74%
David Cameron
62%
Winston Churchill
62%
Benjamin Disraeli
59%
Tony Blair
53%
Keir Starmer
50%
Liz Truss
50%
Gordon Brown
47%
Rishi Sunak
44%
Clement Attlee
41%
John Major
35%
Harold Wilson
32%
Harold Macmillan
29%
Neville Chamberlain
24%
Nessun quiz corrispondente trovato
Distribuzione punteggi
Percentuale di utenti per punteggio
Percentile per numero di risposta
I tuoi punteggi nel tempo
Non hai fatto questo quiz